00641nam a2200181 a 450000100100000000500170001000800410002702000180006804000250008608200150011124500760012626000400020230000280024270000500027004900090032095201130032999900170044200001313720240306073902.0091120s2004 dr a 000 0 spa d a9788482615677 aDO-SdBNPbspacBNPHU axxxxbC78600aCoquín 5 años /cdirección editorial Obdulia García de Escobar. aSanto Domingo :bSantillana,c2004. a280 p. :bil. ;c21 cm.1 aGarcía Escobar, Obdulia deedir. ed.929220 aBNPD 0010718PDaPDbPDcCTd2009-11-20iLF1l0oxxxx C786p13137-10r2020-06-25w2020-06-25yLFPDZNo se presta c12779d12779